<?xml version="1.0" encoding="UTF-8"?>
<record
    xmlns:xsi="http://www.w3.org/2001/XMLSchema-instance"
    xsi:schemaLocation="http://www.loc.gov/MARC21/slim http://www.loc.gov/standards/marcxml/schema/MARC21slim.xsd"
    xmlns="http://www.loc.gov/MARC21/slim">

  <leader>00667nam a22002172  4500</leader>
  <controlfield tag="001">0000001134</controlfield>
  <controlfield tag="005">20151217151807.0</controlfield>
  <controlfield tag="008">070226s        xx            000 0 eng d</controlfield>
  <datafield tag="020" ind1=" " ind2=" ">
    <subfield code="a">0830815082 :</subfield>
    <subfield code="c">KES 180</subfield>
  </datafield>
  <datafield tag="040" ind1=" " ind2=" ">
    <subfield code="a">KABU</subfield>
    <subfield code="c">KABU</subfield>
  </datafield>
  <datafield tag="050" ind1=" " ind2="0">
    <subfield code="a">BX9</subfield>
    <subfield code="b">.F34</subfield>
  </datafield>
  <datafield tag="100" ind1="1" ind2=" ">
    <subfield code="a">Fackre, Gabriel.</subfield>
    <subfield code="@">0000149671</subfield>
  </datafield>
  <datafield tag="245" ind1="1" ind2="0">
    <subfield code="a">Restoring the center :</subfield>
    <subfield code="b">essays evangelical and ecumenical /</subfield>
    <subfield code="c">Gabries Fackre.</subfield>
  </datafield>
  <datafield tag="260" ind1=" " ind2=" ">
    <subfield code="a">Downers Grove, Ill. :</subfield>
    <subfield code="b">Inter Varsity Press,</subfield>
    <subfield code="c">1998.</subfield>
  </datafield>
  <datafield tag="300" ind1=" " ind2=" ">
    <subfield code="a">179 p.</subfield>
  </datafield>
  <datafield tag="650" ind1=" " ind2="0">
    <subfield code="a">Ecumenical movement.</subfield>
    <subfield code="@">0000149672</subfield>
  </datafield>
  <datafield tag="650" ind1=" " ind2="0">
    <subfield code="a">Evangelicalism.</subfield>
    <subfield code="@">0000148902</subfield>
  </datafield>
  <datafield tag="908" ind1=" " ind2=" ">
    <subfield code="a">070226</subfield>
  </datafield>
  <datafield tag="950" ind1=" " ind2=" ">
    <subfield code="@">1</subfield>
  </datafield>
  <datafield tag="999" ind1=" " ind2=" ">
    <subfield code="c">5105</subfield>
    <subfield code="d">5105</subfield>
  </datafield>
  <datafield tag="952" ind1=" " ind2=" ">
    <subfield code="0">0</subfield>
    <subfield code="1">0</subfield>
    <subfield code="2">lcc</subfield>
    <subfield code="7">0</subfield>
    <subfield code="a">KABU</subfield>
    <subfield code="b">KABU</subfield>
    <subfield code="d">2015-12-17</subfield>
    <subfield code="l">0</subfield>
    <subfield code="o">BX9 .F34</subfield>
    <subfield code="p">000866</subfield>
    <subfield code="r">2015-12-17 00:00:00</subfield>
    <subfield code="w">2015-12-17</subfield>
    <subfield code="y">BK</subfield>
  </datafield>
</record>
